Výsledky celonočného monitoringu dýchania u pacientov s diabetes mellitus

Podrobná bibliografia
Hlavní autori: Olos, R. (Autor), Vyšehradský, Robert, 1964- (Autor), Tatár, Miloš, 1950-2023 (Autor), Hanacek, J. (Autor), Sňahničanová, Božena (Autor), Mokáň, Marián, 1957- (Autor)
Korporatívny autor: Slovensko-poľská konferencia internej medicíny (Autor)
Médium: Konferenčný príspevok Článok
Jazyk:slovenčina
ISSN:1335-8359
Predmet:

MARC

LEADER 00000nab a2200000 a 4500
001 vtls000851793
003 SK-MaSNL
005 20260304175259.0
008 250429c2003 xo 0 slo
015 |a SNBRB2003/11-32762 
035 |a CLN000203448 
035 |a urn:nbn:sk:snk-ab3237 
035 |a (urnnbn)urn:nbn:sk:snk:ar-a05jh6 
035 |a (uuid)d79135b3-9277-48eb-8c8f-077d47a690ac 
040 |a SNKBUCL  |b slo  |c SNKBUCL  |e AACR2 
041 0 |a slo 
044 |a xo  |c SK 
080 |a 616.379-008.64+616.24-008.144:061.3  |2 1997 
245 0 0 |a Výsledky celonočného monitoringu dýchania u pacientov s diabetes mellitus  |c R. Olos ... [et al.] 
650 0 7 |a poruchy dýchania  |2 SNKPH  |9 19524 
650 0 7 |a diabetes mellitus  |2 SNKPH  |9 72741 
650 0 7 |a dotazníky  |2 SNKPH  |9 19591 
650 0 7 |a epidemiologické štúdie  |2 SNK  |9 492196 
650 0 7 |a syndróm spánkového apnoe  |2 SNKPH  |9 14088 
650 0 7 |a diagnostika (medicína)  |2 SNKPH  |9 28740 
650 0 7 |a etiológia  |2 SNKPH  |9 20150 
650 0 7 |a patológia  |2 SNKPH  |9 900 
655 7 |a články z novín a časopisov  |2 SNK  |9 267496 
700 1 |a Olos, R.  |4 aut  |9 800737 
700 1 |a Vyšehradský, Robert,  |d 1964-  |4 aut  |9 200706 
700 1 |a Tatár, Miloš,  |d 1950-2023  |4 aut  |9 7499 
700 1 |a Hanacek, J.  |4 aut  |9 791129 
700 1 |a Sňahničanová, Božena  |4 aut  |9 587872 
700 1 |a Mokáň, Marián,  |d 1957-  |4 aut  |9 106742 
711 1 |a Slovensko-poľská konferencia internej medicíny  |n (4. :  |d 2003 :  |c Modra-Harmónia, Slovensko)  |4 aut  |9 85958 
773 0 |t Interná medicína  |g Roč. 3, č. 3 (2003), s. 180  |x 1335-8359 
850 |a Slovenská národná knižnica 
852 |a Slovenská národná knižnica 
954 |a odborná, vedecká literatúra pôvodná (slovenská)  |2 lita 
958 |a article2022 
958 |a MI 
958 |a OND 
958 |a EUIPO 
999 |c 3012853  |d 3014783